000 00848nam a22002177a 4500
999 _c547
_d547
005 20190821104914.0
008 190821b ||||| |||| 00| 0 eng d
020 _a9781442459540
040 _cKH8
082 _aFIC NOR
100 _aNorth, Phoebe
245 _aStarglass /
_cPhoebe North
260 _aNew York :
_bSimon & Schuster BFYR,
_c2014. ©2013.
300 _a441 pages ;
_c21 cm.
520 _aFor all of her sixteen years, Terra has lived on a city within a spaceship that left Earth five hundred years ago seeking refuge, but as they finally approach the chosen planet, she is drawn into a secret rebellion that could change the fate of her people.
650 _aInterplanetary voyages
_vFiction.
650 _aInsurgency
_vFiction.
650 _aFathers and daughters
_vFiction.
650 _aJews
_vFiction.
942 _2ddc
_cFIC